000 00449nam a2200157Ia 4500
003 IN-BaIIA
008 211028s9999 xx 000 0 eng d
040 _cIIA Library
080 _a521.1
_bFIN
100 _aFinlay-Freundlich, E
_93502
245 0 _aCelestial mechanics
_cFreundlich E Finlay
260 _aLondon
_bPergamon Press
_c1958
300 _aviii, 150p.
650 _aCelestial mechanics
942 _cBK
999 _c1819
_d1819